000 00779nam a22001817a 4500
005 20240419111120.0
010 _aHIN-127342
020 _a9789355433688
_c599.00
035 _aHN-99688
037 _bDBAD
082 _a920
100 _aमर्चेंट, मिन्हाज
_964909
245 _aमोदी चुनोती 2024 की ;भारतीय राजनीति की अग्निपरीक्षा/
_cमिन्हाज मर्चेंट
260 _aनोएडा
_bमंजुल पब्लिशिंग हाउस
_c2023
270 _aC-16 सेक्टर-3
_bनोएडा
_e201301
300 _a337पृ.;
_c23 सेमी.(अजिल्द)
942 _2ddc
_cHN
_h920
_mमर्चेंट
999 _c202132
_d202132